[Event "Chessbrahmin May"]
[Site "Chess.com INT"]
[Date "2020.05.15"]
[Round "1.22"]
[White "Caruana, Fabiano"]
[Black "Vachier Lagrave, Maxime"]
[Result "0-1"]
[WhiteElo "2835"]
[BlackElo "2778"]
[PlyCount "98"]
[EventDate "2020.05.15"]
[EventType "k.o. (blitz)"]
[EventRounds "3"]
[EventCountry "USA"]
[SourceTitle "CBM 196 Extra"]
[Source "ChessBase"]
[SourceDate "2020.07.31"]
[SourceVersion "1"]
[SourceVersionDate "2020.07.31"]
[SourceQuality "1"]

1. d4 Nf6 2. Bg5 e6 3. e4 c5 4. d5 exd5 5. e5 Qe7 6. Nf3 h6 7. Bxf6 gxf6 8. Nc3
fxe5 9. Nxd5 Qd6 10. Qd2 Nc6 11. O-O-O Bg7 12. Bc4 O-O 13. Rhe1 Nd4 14. c3 b5
15. cxd4 cxd4 16. Bb3 Bb7 17. Qb4 Rac8+ 18. Kb1 Rc5 19. Nc3 Qg6+ 20. Bc2 Qb6
21. Ne4 Rxc2 22. Kxc2 Qg6 23. Nfd2 d5 24. f3 dxe4 25. fxe4 a6 26. Kb1 f5 27.
exf5 Qxf5+ 28. Ka1 Bxg2 29. Rg1 Qf2 30. Qe7 Kh7 31. Rdf1 Qxf1+ 32. Nxf1 Rxf1+
33. Rxf1 Bxf1 34. Qe6 Bd3 35. Qxa6 Bg6 36. Qxb5 e4 37. Qe2 d3 38. Qe3 h5 39. a4
Bh6 40. Qa7+ Kg8 41. Qb8+ Kg7 42. Qe5+ Kf7 43. Qd5+ Kf6 44. Qd6+ Kf5 45. Qd5+
Kg4 46. Qe6+ Bf5 47. Qxh6 Kf3 48. Qf6 Kf4 49. Qd4 Kf3 0-1

[Event "Titled Tuesday intern op 16th June"]
[Site "Chess.com INT"]
[Date "2020.06.16"]
[Round "1"]
[White "Caruana, Fabiano"]
[Black "Skuhala, Jernej"]
[Result "1-0"]
[WhiteElo "2835"]
[BlackElo "2342"]
[PlyCount "54"]
[EventDate "2020.06.16"]
[EventType "swiss (blitz)"]
[EventRounds "10"]
[EventCountry "USA"]
[SourceTitle "EXT 2021"]
[Source "ChessBase"]
[SourceDate "2020.10.23"]
[SourceVersion "1"]
[SourceVersionDate "2020.10.23"]
[SourceQuality "1"]

1. e4 c6 2. d4 d5 3. e5 g6 4. c4 Bg7 5. Nc3 f6 6. Nf3 Bg4 7. cxd5 cxd5 8. Be2
Nc6 9. O-O e6 10. exf6 Nxf6 11. Ng5 Bf5 12. g4 h6 13. Nh3 Nxg4 14. Bxg4 Qh4 15.
Bxf5 gxf5 16. Nf4 Bxd4 17. Kh1 Rg8 18. Qh5+ Qxh5 19. Nxh5 Kd7 20. Bf4 e5 21.
Nf6+ Ke6 22. Nxg8 exf4 23. Rae1+ Kf7 24. Nxh6+ Kg6 25. Re6+ Kh5 26. Nxd5 Rf8
27. Nxf4+ Kh4 1-0

[Event "Titled Tuesday intern op 16th June"]
[Site "Chess.com INT"]
[Date "2020.06.16"]
[Round "2"]
[White "Ermakov, Evgeny1"]
[Black "Caruana, Fabiano"]
[Result "1/2-1/2"]
[WhiteElo "2513"]
[BlackElo "2835"]
[PlyCount "110"]
[EventDate "2020.06.16"]
[EventType "swiss (blitz)"]
[EventRounds "10"]
[EventCountry "USA"]
[SourceTitle "EXT 2021"]
[Source "ChessBase"]
[SourceDate "2020.10.23"]
[SourceVersion "1"]
[SourceVersionDate "2020.10.23"]
[SourceQuality "1"]

1. d4 Nf6 2. Bf4 d6 3. e3 g6 4. h3 Bg7 5. Nf3 b6 6. c3 Bb7 7. Nbd2 O-O 8. Be2
Nbd7 9. O-O Re8 10. a4 a5 11. Rc1 e5 12. Bh2 Qe7 13. Ne1 h5 14. b4 axb4 15.
cxb4 exd4 16. Rxc7 dxe3 17. Nc4 exf2+ 18. Rxf2 Ba6 19. Bxd6 Qe6 20. b5 Bc8 21.
Nc2 Ne4 22. Rf3 Rxa4 23. Bh2 Nc3 24. Rxc3 Bxc3 25. Nd6 Nc5 26. Nxe8 Qxe8 27.
Bd3 Be6 28. Qf3 Bg7 29. Bg3 Qd8 30. Bxg6 fxg6 31. Qc6 h4 32. Bd6 Bd4+ 33. Nxd4
Rxd4 34. Be7 Rd1+ 35. Kh2 Qb8 36. Bxc5 Bf7 37. Bxb6 Rd8 38. Qb7 Qxb7 39. Rxb7
Rd2 40. Bc7 Bd5 41. Rb8+ Kf7 42. Kg1 Rxg2+ 43. Kf1 Rc2 44. Bd8 Bg2+ 45. Kg1
Bxh3 46. Bxh4 Rg2+ 47. Kh1 g5 48. Rh8 gxh4 49. Rxh4 Rg3 50. Kh2 Rb3 51. Rxh3
Rxb5 52. Rg3 Rf5 53. Kg2 Kf6 54. Kh3 Rg5 55. Rxg5 Kxg5 1/2-1/2

[Event "Titled Tuesday intern op 16th June"]
[Site "Chess.com INT"]
[Date "2020.06.16"]
[Round "3"]
[White "Caruana, Fabiano"]
[Black "Korchmar, Vasiliy"]
[Result "1-0"]
[WhiteElo "2835"]
[BlackElo "2451"]
[PlyCount "105"]
[EventDate "2020.06.16"]
[EventType "swiss (blitz)"]
[EventRounds "10"]
[EventCountry "USA"]
[SourceTitle "EXT 2021"]
[Source "ChessBase"]
[SourceDate "2020.10.23"]
[SourceVersion "1"]
[SourceVersionDate "2020.10.23"]
[SourceQuality "1"]

1. e4 e5 2. Nf3 Nc6 3. Bb5 a6 4. Ba4 Nf6 5. d3 b5 6. Bb3 Be7 7. a4 Bb7 8. Nc3
Na5 9. Ba2 b4 10. Ne2 d6 11. Ng3 O-O 12. O-O c5 13. Nf5 Bc8 14. Bg5 Bxf5 15.
exf5 b3 16. Bxb3 Nxb3 17. cxb3 Nd5 18. Bxe7 Qxe7 19. Nd2 Rab8 20. Rc1 Rb4 21.
Rc4 Rfb8 22. Qf3 Nf6 23. Rxb4 Rxb4 24. Qa8+ Qe8 25. Qxa6 Qb8 26. a5 h6 27. Ra1
Nd5 28. Qc6 Ne7 29. Qf3 Rf4 30. Qe2 Nxf5 31. Nf3 Nd4 32. Nxd4 Rxd4 33. a6 Qa7
34. Qf3 d5 35. Qf5 e4 36. Qc8+ Kh7 37. dxe4 dxe4 38. h3 Rb4 39. Rd1 Rb6 40. Rd8
Qxa6 41. Rh8+ Kg6 42. Qg4+ Kf6 43. Qf4+ Kg6 44. Qxe4+ Kf6 45. Qf4+ Kg6 46. Qg4+
Kf6 47. Rg8 g6 48. Qh4+ Ke6 49. Re8+ Kd5 50. Qe4+ Kd6 51. Rd8+ Kc7 52. Qe7+ Kc6
53. Qd7# 1-0

[Event "Titled Tuesday intern op 16th June"]
[Site "Chess.com INT"]
[Date "2020.06.16"]
[Round "4"]
[White "Salinas Herrera, Pablo Patricio"]
[Black "Caruana, Fabiano"]
[Result "1-0"]
[WhiteElo "2514"]
[BlackElo "2835"]
[PlyCount "128"]
[EventDate "2020.06.16"]
[EventType "swiss (blitz)"]
[EventRounds "10"]
[EventCountry "USA"]
[SourceTitle "EXT 2021"]
[Source "ChessBase"]
[SourceDate "2020.10.23"]
[SourceVersion "1"]
[SourceVersionDate "2020.10.23"]
[SourceQuality "1"]

1. e4 e5 2. Nf3 Nc6 3. Bb5 a6 4. Ba4 Nf6 5. O-O Be7 6. d3 b5 7. Bb3 d6 8. a3
O-O 9. Nc3 h6 10. Re1 Re8 11. h3 Bf8 12. Bd2 Be6 13. Nd5 Bxd5 14. exd5 Ne7 15.
c4 Ng6 16. Rc1 Nh5 17. Nxe5 Nxe5 18. Qxh5 Nxd3 19. Rxe8 Qxe8 20. Rc2 Qe4 21.
Qg4 Qh7 22. Qd1 Qf5 23. Be3 b4 24. Rd2 Nf4 25. axb4 Rb8 26. Rd4 Ng6 27. Bd2 Qe5
28. Bc3 Qg5 29. Bc2 h5 30. Qd2 Qxd2 31. Rxd2 Ne5 32. b3 Be7 33. f4 Nd7 34. Re2
Bf6 35. Bxf6 Nxf6 36. Re7 Rb7 37. Kf2 Kf8 38. Re1 Rxb4 39. Ra1 Rb6 40. Ke3 Nd7
41. Kd4 g6 42. Kc3 h4 43. b4 Ke7 44. Ba4 Nf6 45. Bc2 Kf8 46. Bb3 Nh5 47. c5
dxc5 48. bxc5 Rb5 49. Kc4 Nxf4 50. Rxa6 Rb8 51. d6 cxd6 52. cxd6 Nxg2 53. Ra7
Nf4 54. Kc3 Ne6 55. Bxe6 fxe6 56. Kd4 g5 57. Ke5 Kg8 58. Kf6 g4 59. hxg4 h3 60.
Ra3 h2 61. Rh3 Rb2 62. Ke7 e5 63. d7 Rd2 64. d8=Q+ Kg7 1-0

[Event "Titled Tuesday intern op 16th June"]
[Site "Chess.com INT"]
[Date "2020.06.16"]
[Round "5"]
[White "Caruana, Fabiano"]
[Black "Nitish, Belurkar"]
[Result "1/2-1/2"]
[WhiteElo "2835"]
[BlackElo "2351"]
[PlyCount "152"]
[EventDate "2020.06.16"]
[EventType "swiss (blitz)"]
[EventRounds "10"]
[EventCountry "USA"]
[SourceTitle "EXT 2021"]
[Source "ChessBase"]
[SourceDate "2020.10.23"]
[SourceVersion "1"]
[SourceVersionDate "2020.10.23"]
[SourceQuality "1"]

1. e4 e6 2. d4 d5 3. e5 c5 4. c3 Qb6 5. Nf3 Nc6 6. Be2 cxd4 7. cxd4 Nh6 8. Bxh6
gxh6 9. Qd2 Bd7 10. Nc3 Rg8 11. O-O Rc8 12. Rac1 Ne7 13. Nb5 Bxb5 14. Rxc8+
Nxc8 15. Bxb5+ Qxb5 16. Qc2 Qc4 17. Qxh7 Rg7 18. Qb1 Nb6 19. Rc1 Qe2 20. Rc3
Bb4 21. Re3 Qb5 22. b3 Kd7 23. h3 a5 24. Nh2 h5 25. Qd1 Qc6 26. Nf1 Rh7 27. Ng3
Nc8 28. Nxh5 Be7 29. Ng3 Bg5 30. Re2 Qc1 31. Qxc1 Bxc1 32. Rc2 Ba3 33. Ne2 Ne7
34. f4 Rh8 35. Kf2 Nc6 36. Rd2 Rc8 37. h4 Nb4 38. h5 Bc1 39. Rd1 Nxa2 40. g4
Ba3 41. h6 Be7 42. g5 Nb4 43. Ke3 b5 44. Rh1 a4 45. bxa4 bxa4 46. Kd2 a3 47.
Nc3 Nc6 48. Nb5 Rb8 49. h7 Rh8 50. Kc3 Ke8 51. Nc7+ Kf8 52. g6 Kg7 53. gxf7
Kxf7 54. f5 Nd8 55. f6 Bf8 56. Kb3 Kg6 57. Rg1+ Kf7 58. Rh1 Kg6 59. Rg1+ Kxh7
60. Rg2 Rg8 61. Rh2+ Kg6 62. Rh1 Kf7 63. Rh7+ Kg6 64. Rd7 Nc6 65. Nxe6 Kf5 66.
Nxf8 Nxd4+ 67. Kxa3 Rxf8 68. Rxd5 Nc6 69. Kb3 Rb8+ 70. Kc3 Nxe5 71. f7 Ke6 72.
Kd4 Rb4+ 73. Kc5 Rc4+ 74. Kb5 Rc8 75. Rc5 Rxc5+ 76. Kxc5 Nxf7 1/2-1/2

[Event "Chessable Masters GpB"]
[Site "chess24.com INT"]
[Date "2020.06.21"]
[Round "1"]
[White "Caruana, Fabiano"]
[Black "Ding, Liren"]
[Result "1/2-1/2"]
[WhiteElo "2835"]
[BlackElo "2791"]
[PlyCount "87"]
[EventDate "2020.06.21"]
[EventType "tourn (rapid)"]
[EventRounds "10"]
[EventCountry "GER"]
[EventCategory "22"]
[SourceTitle "CBM 197"]
[Source "ChessBase"]
[SourceDate "2020.07.27"]
[SourceVersion "1"]
[SourceVersionDate "2020.07.27"]
[SourceQuality "1"]

1. d4 Nf6 2. c4 e6 3. Nc3 Bb4 4. e3 O-O 5. Nge2 Re8 6. a3 Bf8 7. Ng3 d5 8. Bd3
dxc4 9. Bxc4 c5 10. O-O cxd4 11. exd4 Nc6 12. Be3 b6 13. Nh5 Bb7 14. Bg5 Be7
15. Bxf6 Bxf6 16. d5 exd5 17. Nxf6+ Qxf6 18. Bxd5 Rad8 19. Qa4 a6 20. Rad1 b5
21. Qg4 Bc8 22. Qg3 Nd4 23. Rfe1 Rxe1+ 24. Rxe1 Be6 25. h3 h6 26. Bb7 a5 27.
Qc7 b4 28. axb4 axb4 29. Ne4 Qh4 30. Nc5 Qg5 31. Ne4 Qh4 32. Ng3 Nb5 33. Qc5
Nd6 34. Bf3 b3 35. Rd1 Nc4 36. Nf5 Bxf5 37. Qxf5 Nxb2 38. Rxd8+ Qxd8 39. Bd5
Qf6 40. Qg4 g6 41. Qe2 Kg7 42. Bxb3 Qc3 43. Bc2 Nc4 44. g3 1/2-1/2

[Event "Chessable Masters GpB"]
[Site "chess24.com INT"]
[Date "2020.06.21"]
[Round "5"]
[White "Caruana, Fabiano"]
[Black "Giri, Anish"]
[Result "0-1"]
[WhiteElo "2835"]
[BlackElo "2764"]
[Annotator "Edouard,R"]
[PlyCount "52"]
[EventDate "2020.06.21"]
[EventType "tourn (rapid)"]
[EventRounds "10"]
[EventCountry "GER"]
[EventCategory "22"]
[SourceTitle "CBM 197"]
[Source "ChessBase"]
[SourceDate "2020.07.27"]
[SourceVersion "1"]
[SourceVersionDate "2020.07.27"]
[SourceQuality "1"]

{[%evp 0,52,26,20,20,31,42,27,38,4,31,-35,-11,-71,-36,-75,-51,-43,-45,-50,20,
20,20,-11,-11,-7,10,18,25,-3,15,15,68,68,89,41,41,-22,-16,-15,-6,-51,-54,-79,
-79,-102,-87,-107,-82,-70,-70,-125,-98,-416,-417]} 1. e4 e5 2. Nf3 Nc6 3. Bb5
Nf6 4. d3 Bc5 5. Bg5 $5 {An interesting move, the move popular ones being 5.
Bxc6, 5.c3 and 5.0-0.} h6 {Many other moves have been played. For example, the
following games require some investigation:} (5... O-O 6. Bxc6 dxc6 7. Nbd2 Re8
8. Nc4 Bd6 9. h3 Qe7 10. O-O Qe6 11. Re1 c5 12. Nfd2 Nd7 13. Qh5 Nf8 14. a4 Ng6
15. Nxd6 cxd6 $11 {0-1 (53) Paravyan,D (2634)-Leko,P (2669) Moscow 2018}) (5...
Nd4 6. Nxd4 Bxd4 7. c3 Bb6 8. Nd2 c6 9. Ba4 h6 10. Bh4 d6 11. Nc4 Bc7 12. Ne3
Bb6 13. Bb3 g5 14. Bg3 Bxe3 $6 (14... Qe7 $6) 15. fxe3 Bg4 16. Qd2 Nh5 17. O-O
$14 {½-½ (68) Carlsen,M (2837)-So,W (2788) London 2017}) (5... d6 6. Nbd2 O-O
7. c3 a6 8. Bxc6 bxc6 9. d4 exd4 10. cxd4 Ba7 11. O-O h6 12. Bh4 Re8 13. Qa4
Bd7 14. e5 g5 15. Bg3 $2 (15. Nxg5 $1 hxg5 16. Bxg5 dxe5 17. Ne4 $18) 15... Nh5
16. Ne4 f5 $1 $19 {0-1 (30) Yu Yangyi (2751)-Wang Hao (2709) Huai'an 2017}) 6.
Bh4 d6 $5 (6... Be7 {is the other approach.}) 7. c3 O-O (7... Bb6 $5 {is
another interesting approach, delaying ...0-0, but White seems to get a small
advantage pretty easily:} 8. Nbd2 Bd7 9. O-O Ne7 10. Bxd7+ Nxd7 11. Nc4 O-O 12.
a4 a6 13. Nxb6 Nxb6 14. a5 Nd7 15. d4 $14 {1-0 (60) Bellahcene,B (2540)-Bruzon
Batista,L (2644) chess24.com 2019}) 8. Nbd2 g5 $5 9. Bg3 Nh5 10. Bxc6 $5 bxc6
11. d4 exd4 ({It's questionable whether Black could have kept the tension with
} 11... Bb6 {- after} 12. dxe5 (12. Nxe5 $5 Nxg3 13. Nxc6 Qd7 14. hxg3 Qxc6 15.
Rxh6 $44) 12... dxe5 13. Nxe5 Nxg3 14. hxg3 Qf6 15. Nef3 {I do not thnk that
Black has enough compensation.}) 12. Nxd4 Nxg3 13. hxg3 Qf6 {The whole line
doesn't seem very convincing for White.} 14. Qh5 $146 (14. N2b3 {had been
played by Svidler, without success either:} Bb6 15. Qf3 Qxf3 16. gxf3 Kg7 17.
g4 d5 18. Nf5+ Bxf5 19. gxf5 Rfe8 20. Nd2 Rad8 $15 {0-1 (25) Svidler,P (2738)
-Ivanchuk,V (2781) Sochi 2008}) 14... Bxd4 $6 (14... Kg7 $5) (14... Rb8 $5 15.
N2b3 Bxd4 16. cxd4 Re8 17. f3 Kg7 $15) 15. cxd4 Qxd4 16. Qxh6 Qg7 17. O-O-O Rb8
18. e5 $6 (18. Qxg7+ Kxg7 19. b3 $11) 18... dxe5 $1 (18... Qxh6 $6 19. Rxh6
dxe5 20. Rxc6 $14) (18... Rb5 $5) 19. Ne4 $6 {White desperately tries to play
for a win, but it doesn't seem like what the position is calling for.} (19.
Qxc6 {should still more or less hold the balance.}) 19... f6 20. f3 Bf5 21.
Qxg7+ Kxg7 22. Nc5 (22. g4 Bxe4 23. fxe4 Rb4 $17) 22... Rb5 23. Na4 Rb4 24. b3
g4 $1 25. Rd2 Rfb8 26. Nc5 $2 {A terrible blunder in a bad position.} (26. Nc3
a5 $17) 26... Rc4+ $1 0-1

[Event "Chessable Masters GpB"]
[Site "chess24.com INT"]
[Date "2020.06.23"]
[Round "7"]
[White "Nepomniachtchi, Ian"]
[Black "Caruana, Fabiano"]
[Result "1-0"]
[WhiteElo "2784"]
[BlackElo "2835"]
[Annotator "Edouard,R"]
[PlyCount "75"]
[EventDate "2020.06.21"]
[EventType "tourn (rapid)"]
[EventRounds "10"]
[EventCountry "GER"]
[EventCategory "22"]
[SourceTitle "CBM 197"]
[Source "ChessBase"]
[SourceDate "2020.07.27"]
[SourceVersion "1"]
[SourceVersionDate "2020.07.27"]
[SourceQuality "1"]

{[%evp 0,75,27,18,32,40,39,16,-13,-26,-29,-61,-37,-36,16,36,57,-40,60,-53,6,
-134,-93,-153,-161,-161,-32,101,137,-13,57,57,239,239,146,39,39,48,48,17,81,76,
84,107,91,90,176,27,45,45,93,46,56,69,112,48,35,-38,-23,-23,-22,-7,68,36,68,34,
44,37,9,-16,-43,-43,117,114,183,233,319,540]} 1. e4 e5 2. Nf3 Nc6 3. Bb5 a6 4.
Ba4 Nf6 5. O-O Bc5 6. c3 O-O $5 (6... b5 {and 6...Ba7 are the other two
popular move.}) 7. d4 Bb6 8. Bg5 (8. dxe5 {is known not to bring White more
than a symbolical advantage - if any:} Nxe4 9. Qd5 Nc5 10. Bc2 Ne7 11. Qd1 d5
12. exd6 Qxd6 (12... cxd6 $6 13. Re1 h6 14. Nbd2 Bf5 15. Bxf5 Nxf5 16. Nc4 Ba7
17. Ne3 Qd7 18. Nxf5 Qxf5 19. Be3 Rfd8 20. h3 $14 {1-0 (64) Gashimov,V (2740)
-Ponomariov,R (2737) FRA 2010}) 13. Qxd6 cxd6 14. Re1 Re8 15. Nbd2 Bf5 $11)
8... h6 9. Bh4 d6 10. h3 $5 {Preventing ..Bg4. If Black wants to play ...g5
he'll have to face a potncial Nxg5.} (10. Bxc6 bxc6 11. dxe5 dxe5 12. Qxd8 Rxd8
13. Nxe5 {doesn't lead to anything:} g5 14. Bg3 Nxe4 $36 {0-1 (29) Ernst,T 
(2485)-Kristensen,B (2440) Gausdal 1994}) 10... g5 (10... exd4 {defnitely
requires investgation, with the idea to play ...g5 next. Here the engine claims
} 11. Re1 $5 {is a very interesting move!}) 11. Nxg5 $1 hxg5 12. Bxg5 Kh7 $6 {
A strange move, in my humble opinion!} (12... Kg7 {should definitely be
critical:} 13. Nd2 $5 (13. f4 $6 exd4 14. e5 $2 ({Perhaps} 14. Kh1 $5 {is
worth a try in a blitz game!}) 14... dxe5 15. fxe5 dxc3+ $19) 13... exd4 (13...
Ne7 $5) 14. e5 dxe5 15. Ne4 Nxe4 16. Bxd8 Rxd8 $13) 13. Bxc6 Rg8 $5 14. f4 $1 {
Black's position look bad already.} (14. Bxf6 $2 Qxf6 15. Qh5+ Qh6 16. Qxh6+
Kxh6 17. Bd5 Bxh3 18. Kh2 $1 Bxg2 19. Rg1 Bf3 20. Nd2 Bh5 $11) (14. h4 $6 bxc6
15. f4 exd4 16. cxd4 Qe7 {seems to work for Black.}) 14... bxc6 (14... exf4 15.
h4 $1 $18) (14... exd4 15. e5 $1 dxe5 16. Be4+ Kg7 17. c4 $1 {just seems to be
crushing for White.}) 15. Qe1 Rxg5 16. fxg5 Ng8 17. Rxf7+ Kg6 18. Rf3 $1 exd4
19. Kh1 Qe7 20. Nd2 dxc3 21. bxc3 Be6 22. Qh4 Qh7 23. Qg3 (23. Qf4 $1 Qf7 (
23... Qh5 24. e5 $18) 24. Qg3 {was stromger.}) 23... Qh5 (23... Qe7 24. Rf6+ $1
Kg7 (24... Nxf6 25. gxf6+ Kxf6 26. Rf1+ $18) 25. Raf1 {would be a disaster for
Black.}) 24. Qf4 Kg7 25. Raf1 Re8 26. Qg3 Ne7 27. Rf6 Ng6 {Slowly Black
managed to reorganize himself and is porbably fine. However, his position
remains difficult for a rapid game.} 28. Nf3 Bc4 $6 (28... Bxa2 {rigt away was
a better move.}) 29. Re1 Bxa2 30. Nd4 $6 (30. Nh4 $5 Nxh4 31. Rh6 Rxe4 $3 32.
Rxe4 (32. Rxh5 $4 Nf5 $19) 32... Nf5 (32... Qd1+ $5 33. Re1 Nf5 $132) 33. Qe1
Qxg5 34. Rg4 Kxh6 35. Rxg5 Kxg5 36. h4+ $1 Kg6 37. h5+ $1 Kxh5 38. g4+ $1 Kxg4
39. Qe2+ Kf4 40. Qxa2 {and the position should be a draw.}) ({However} 30. c4
$3 Bxc4 31. Nh4 $3 {was winning (here we do miss the hanging rook on f1):} Nxh4
32. Rh6 Rxe4 33. Rxh5 (33. Rxe4 $4 Qd1+ $17) 33... Nf5 34. Qc3+ Bd4 35. Qa5 $18
) 30... Bxd4 (30... Re5 $5 {may have been a good defence.}) 31. cxd4 Bg8 32. e5
Bd5 33. Kh2 a5 34. Re3 (34. e6 $1 Re7 35. Re3 {was stronger. If} Qd1 {now} 36.
Rxg6+ Kxg6 37. Qf4 {just wins.}) 34... dxe5 $2 (34... Qd1 $1 35. e6 Qd2 $1 36.
Rf7+ Kg8 $11) 35. dxe5 Qd1 36. e6 $1 {Now it's over!} Re7 (36... Qd2 37. Qxc7+
$18) 37. Qf2 Nh8 38. Rh6 (38. Qh4 $5) 1-0

[Event "Titled Tuesday intern op 30th June"]
[Site "Chess.com INT"]
[Date "2020.06.30"]
[Round "1"]
[White "Caruana, Fabiano"]
[Black "Md Jamal, Uddin"]
[Result "1-0"]
[WhiteElo "2835"]
[BlackElo "2086"]
[PlyCount "87"]
[EventDate "2020.06.30"]
[EventType "swiss (blitz)"]
[EventRounds "10"]
[EventCountry "USA"]
[SourceTitle "CBM 197 Extra"]
[Source "ChessBase"]
[SourceDate "2020.09.30"]
[SourceVersion "1"]
[SourceVersionDate "2020.09.30"]
[SourceQuality "1"]

1. d4 d5 2. c4 e6 3. cxd5 exd5 4. Nc3 c5 5. Nf3 Nc6 6. g3 Nf6 7. Bg2 Be7 8. O-O
O-O 9. h3 c4 10. Ne5 Be6 11. Nxc6 bxc6 12. b3 Qa5 13. Bd2 Qb6 14. e3 Rab8 15.
bxc4 dxc4 16. Qc2 Qb2 17. Rfc1 Qxc2 18. Rxc2 Nd5 19. Ne2 Rfc8 20. a3 g5 21. e4
Nc7 22. f4 h6 23. f5 Bd7 24. Rxc4 Rb2 25. Rd1 c5 26. a4 Na6 27. Bf1 Nb4 28. Bc3
Rc2 29. dxc5 Bxa4 30. Rdd4 Bb5 31. Rxb4 Bxe2 32. Bxe2 Rxe2 33. Rbc4 Bf6 34. Rd3
Rc2 35. c6 Rxc3 36. Rdxc3 Bxc3 37. Rxc3 f6 38. Kf2 Kf7 39. Kf3 Ke7 40. e5 fxe5
41. Ke4 Kd6 42. f6 Ke6 43. c7 Kxf6 44. Kd5 1-0

[Event "Titled Tuesday intern op 30th June"]
[Site "Chess.com INT"]
[Date "2020.06.30"]
[Round "2"]
[White "Mikhailovsky, Vladimir"]
[Black "Caruana, Fabiano"]
[Result "0-1"]
[WhiteElo "2228"]
[BlackElo "2835"]
[PlyCount "80"]
[EventDate "2020.06.30"]
[EventType "swiss (blitz)"]
[EventRounds "10"]
[EventCountry "USA"]
[SourceTitle "CBM 197 Extra"]
[Source "ChessBase"]
[SourceDate "2020.09.30"]
[SourceVersion "1"]
[SourceVersionDate "2020.09.30"]
[SourceQuality "1"]

1. e4 c5 2. d4 cxd4 3. c3 dxc3 4. Nxc3 e6 5. Nf3 a6 6. Bc4 b5 7. Bb3 Bb7 8. O-O
Be7 9. Re1 d6 10. Bf4 g5 11. Bg3 h5 12. h3 g4 13. hxg4 hxg4 14. Nd4 Nf6 15. e5
dxe5 16. Bxe5 Nbd7 17. Bg3 Qb6 18. Nxe6 fxe6 19. Rxe6 Qc5 20. Qd6 Rh7 21. Rae1
O-O-O 22. Rxe7 Rxe7 23. Qxc5+ Nxc5 24. Rxe7 Rd7 25. Rxd7 Kxd7 26. Bc2 b4 27.
Ne2 Be4 28. Bd1 Bb1 29. a3 b3 30. Nd4 Ba2 31. Be5 Nfe4 32. Bxg4+ Ke7 33. Bd1
Nd2 34. Bf4 Nc4 35. Bc1 a5 36. a4 Kd6 37. Bf3 Nd3 38. Be2 Ncxb2 39. Bxb2 Nxb2
40. Nb5+ Kc5 0-1

[Event "Titled Tuesday intern op 30th June"]
[Site "Chess.com INT"]
[Date "2020.06.30"]
[Round "3"]
[White "Caruana, Fabiano"]
[Black "Velikanov, Alexander"]
[Result "1-0"]
[WhiteElo "2835"]
[BlackElo "2274"]
[PlyCount "53"]
[EventDate "2020.06.30"]
[EventType "swiss (blitz)"]
[EventRounds "10"]
[EventCountry "USA"]
[SourceTitle "CBM 197 Extra"]
[Source "ChessBase"]
[SourceDate "2020.09.30"]
[SourceVersion "1"]
[SourceVersionDate "2020.09.30"]
[SourceQuality "1"]

1. e4 c5 2. Nf3 e6 3. d4 cxd4 4. Nxd4 Nc6 5. Nc3 Qc7 6. g4 a6 7. h4 Nxd4 8.
Qxd4 Ne7 9. Be3 Nc6 10. Qb6 Bd6 11. O-O-O O-O 12. Be2 Bf4 13. Qxc7 Bxc7 14. f4
b5 15. Rhf1 d6 16. g5 Bb7 17. h5 Rad8 18. Bf3 Ne7 19. b4 Rd7 20. Kb2 Rc8 21.
Rd3 d5 22. exd5 exd5 23. Bg4 Rcd8 24. Bxd7 Rxd7 25. Bc5 Nf5 26. Re1 Rd8 27.
Nxd5 1-0

[Event "Titled Tuesday intern op 30th June"]
[Site "Chess.com INT"]
[Date "2020.06.30"]
[Round "4"]
[White "Mekhitarian, Krikor Sevag"]
[Black "Caruana, Fabiano"]
[Result "1/2-1/2"]
[WhiteElo "2554"]
[BlackElo "2835"]
[PlyCount "86"]
[EventDate "2020.06.30"]
[EventType "swiss (blitz)"]
[EventRounds "10"]
[EventCountry "USA"]
[SourceTitle "CBM 197 Extra"]
[Source "ChessBase"]
[SourceDate "2020.09.30"]
[SourceVersion "1"]
[SourceVersionDate "2020.09.30"]
[SourceQuality "1"]

1. e4 e6 2. d4 d5 3. Nc3 Nf6 4. e5 Nfd7 5. f4 c5 6. Nf3 Nc6 7. Be3 a6 8. Qd2
Be7 9. dxc5 Nxc5 10. O-O-O Qc7 11. Kb1 b6 12. Nd4 Bb7 13. Bd3 Na5 14. h4 Nc4
15. Qf2 b5 16. f5 b4 17. Nce2 O-O-O 18. fxe6 fxe6 19. Nf4 Rhf8 20. g3 Qxe5 21.
Rhe1 Rf6 22. Bc1 Ne4 23. Rxe4 dxe4 24. Bxc4 Bc5 25. Be3 Qd6 26. Bxe6+ Rxe6 27.
Nfxe6 Qxe6 28. Re1 Qf6 29. Qxf6 gxf6 30. Nf5 Bxe3 31. Nxe3 Rd2 32. Rf1 Re2 33.
Nf5 Kc7 34. Kc1 a5 35. Nd4 Rg2 36. Rxf6 e3 37. b3 Rxg3 38. Re6 Bd5 39. Re5 Kd6
40. Re8 Kd7 41. Re5 Kd6 42. Re8 Kd7 43. Re5 Kd6 1/2-1/2

[Event "Titled Tuesday intern op 30th June"]
[Site "Chess.com INT"]
[Date "2020.06.30"]
[Round "5"]
[White "Caruana, Fabiano"]
[Black "Kobo, Ori"]
[Result "1-0"]
[WhiteElo "2835"]
[BlackElo "2449"]
[PlyCount "93"]
[EventDate "2020.06.30"]
[EventType "swiss (blitz)"]
[EventRounds "10"]
[EventCountry "USA"]
[SourceTitle "CBM 197 Extra"]
[Source "ChessBase"]
[SourceDate "2020.09.30"]
[SourceVersion "1"]
[SourceVersionDate "2020.09.30"]
[SourceQuality "1"]

1. e4 g6 2. d4 Bg7 3. Nc3 d6 4. Be3 a6 5. g4 b5 6. Bg2 Bb7 7. h4 h5 8. gxh5
Rxh5 9. Nge2 Nf6 10. Ng3 Rh7 11. h5 b4 12. Nd5 Nxd5 13. exd5 Nd7 14. hxg6 Rxh1+
15. Bxh1 fxg6 16. Be4 Nf6 17. Bxg6+ Kf8 18. Qd2 Nxd5 19. Bh6 Qd7 20. O-O-O Qg4
21. Bxg7+ Kxg7 22. Rg1 Kxg6 23. Ne2 Qxg1+ 24. Nxg1 Rh8 25. Qd3+ Kg7 26. Ne2
Rh1+ 27. Kd2 Nf6 28. Ng3 Rh2 29. Qf5 Bd5 30. b3 Kf7 31. c4 bxc3+ 32. Kxc3 Be6
33. Qf3 Ke8 34. Kb4 Bd5 35. Qf5 Rh4 36. Ka5 Rxd4 37. Qc8+ Kf7 38. Qxc7 Rd2 39.
Nf5 Rxa2+ 40. Kb6 Re2 41. Nxd6+ Ke6 42. Nc8 Kf7 43. Ka7 Bxb3 44. f4 Rc2 45.
Qxe7+ Kg6 46. Nd6 Bd5 47. f5+ 1-0